| 000 | 00738cam a22002054a 4500 | ||
|---|---|---|---|
| 005 | 20250605164218.0 | ||
| 008 | 250528s ||||||||||||||||||||||||d | ||
| 035 | _a20548 | ||
| 040 |
_aGR-AtMCL _bgre _dGR-AtMCL _eAACR2 |
||
| 245 | 1 | _aSouth Africa / Modern Studies Handbook | |
| 260 | _c1987 | ||
| 300 | _a48 | ||
| 505 | 0 | _aIntroduction, The History, The People, Apartheid, Removals, Apartheid and Verwoerd, The Sixties, Trends for the Future, Acknowledgements. | |
| 520 | _aIntroduction, The History, The People, Apartheid, Removals, Apartheid and Verwoerd, The Sixties, Trends for the Future, Acknowledgements. | ||
| 700 | 1 |
_aBell Terry _96532 |
|
| 942 | _cBK | ||
| 710 | 2 |
_aThe Observer _99795 |
|
| 999 |
_c5646 _d5646 |
||